000 02164 a2200169 4500
003 OSt
005 20260206134712.0
008 260206b |||||||| |||| 00| 0 eng d
020 _a9788197237751
100 _aपांडे स्व.
_9216651
245 _aभारतीय वीर पत्नींच्या कथा
260 _bभारतीय विचार साधना प्रकाशन
_c2024
_aपुणे
300 _a197pp.
500 _aसैनिकांची शक्ती: सीमेवर लढणाऱ्या सैनिकांच्या मागे या महिला खंबीरपणे उभी राहतात. त्याग आणि धैर्य: पतीच्या निधनानंतरही या महिलांनी आपले धैर्य न गमावता संकटांचा सामना केला. सत्यकथा: या पुस्तकात ७ सत्यकथांचा समावेश आहे, ज्या प्रेम आणि धैर्यावर आधारित आहेत. भंगलेली स्वप्ने: या कथा सैनिकांच्या कुटुंबाची भंगलेली स्वप्ने आणि त्यांच्या संघर्षाची कहाणी सांगतात.
520 _aसैनिकांच्या मागे खंबीरपणे उभ्या राहणाऱ्या, त्याग आणि धैर्याची मूर्ती असलेल्या महिलांच्या सत्य कथा आहेत. स्वप्निल पांडे लिखित या पुस्तकात ७ वीरपत्नींच्या कथा आहेत, ज्या सैनिकांच्या निधनानंतरही देशासाठी खंबीरपणे उभ्या राहिल्या आणि त्यांचे प्रेम व त्याग दर्शवतात.
942 _cBK
_2ddc
999 _c370202
_d370202